000 00644nam a22002057a 4500
005 20240108154253.0
010 _aENG-138833
020 _a978-93-92568-42-7
_c150.00
035 _aEN-122365
037 _bDBAD/PUB
082 _a650.14
100 _aShridhar, R
_960763
245 _aA Handbook on Career Planning/
_cFrancis P. Xavier SJ
250 _a1
260 _aChhattisgarh
_bAditi Publication
_c2023
270 _aOpp. New Panchajanya Vidya Mandir, Near Tianga Chowk, Kushalpur, Raipur
_bChhattisgarh
_k9425210308
300 _a73p.
_c20cm(pbk)
_bContents
700 _960332
942 _2ddc
_cEN
_h650.14
_mShr
_e1
999 _c200036
_d200036